| 000 | 01225nmc a2200385 a 4500 | ||
|---|---|---|---|
| 003 | AR-BaBNM | ||
| 005 | 20251128202824.0 | ||
| 008 | 011101s1984 ||||||||||||||000 | spa|| | ||
| 020 | _a950-13-116-0 | ||
| 040 | _cAR-BaBNM | ||
| 100 | 1 |
_aNassif, Ricardo _d1924-1984 |
|
| 245 | 1 | 0 | _aEl sistema educativo en América Latina |
| 260 |
_aBuenos Aires _bKapelusz _bUnesco _bCepal _bPNUD _c1984 |
||
| 300 | 0 |
_a139 p. _bgráfs. |
|
| 490 | 0 | _aBiblioteca de cultura pedagógica. Educación y sociedad | |
| 500 | 0 | _aContiene notas al final de cada capítulo | |
| 500 | 0 | _aCEPAL: COMISION ECONOMICA PARA AMERICA LATINA | |
| 500 | 0 | _aPNUD: PROGRAMA DE LAS NACIONES UNIDAS PARA EL DESARROLLO | |
| 650 | 4 | _aSISTEMAS ESCOLARES | |
| 650 | 4 | _aPEDAGOGIA | |
| 650 | 4 | _aLIBERTAD DE ENSENANZA | |
| 650 | 4 | _aDEMOCRATIZACION DE LA EDUCACION | |
| 650 | 4 | _aNIVELES DE ENSENANZA | |
| 650 | 4 | _aPROCESO DE APRENDIZAJE | |
| 650 | 4 | _aINDICADORES SOCIOECONOMICOS | |
| 650 | 4 | _aCALIDAD DE LA EDUCACION | |
| 650 | 4 | _aTOTALITARISMO | |
| 651 | 4 | _aAmérica Latina | |
| 653 | 0 | _aAUTONOMIA | |
| 700 | 1 | _aRama, Germán W. | |
| 700 | 1 | _aTedesco, Juan Carlos | |
| 800 | 1 |
_aTedesco, Juan Carlos _edirector |
|
| 942 | _cBK | ||
| 998 | _cCarmen | ||
| 999 |
_c740 _d740 |
||